=LDR 00000nam 2200000 4500 =001 INLIS000000000048841 =005 20170110141102.0 =006 =007 =008 =020 ##$$a 978-979-17855-9-4 =035 ##$$0010-011700000000122 =040 ##$$a NBPDMAT =082 ##$$a 899.221 301 08 =084 ##$$a 899.221 301 08 $b Vid e =100 ##$$a Im Vidua Raktesa =245 ##$$a Elegi Patu Mbojo $c Im VVidua Rakatesa; Editor, Mukhlis Leon Mumanto'i =260 ##$$a Mataram : $b Insan Madani Institute, $c 2014 =300 ##$$a vii, 100 hlm. : $b ilus. ; $c 21 cm =500 ##$$a Bibliografi ; hlm . 98 =650 ##$$a CERITA PENDEK-BIMA-KUMPULAN =700 ##$$a MUKHLIS LEON Muma To'i =850 ##$$a NBPDMAT